|
|
|
|
| LEADER |
01080nam a2200289 a 4500 |
| 001 |
c000314069 |
| 003 |
CARM |
| 005 |
00000000000000.0 |
| 008 |
851107s1987 onca b 00110 eng d |
| 015 |
|
|
|a C85-99968-5
|
| 019 |
1 |
|
|a 4553273
|5 LACONCORD2021
|
| 020 |
|
|
|a 0132938200 :
|c $33.95
|
| 035 |
|
|
|a (OCoLC)15703172
|5 LACONCORD2021
|
| 040 |
|
|
|a CaOTU
|b eng
|c CaOONL
|d CaOONL
|
| 043 |
|
|
|a n-cn---
|
| 082 |
0 |
4 |
|a 371.90971
|2 19
|
| 100 |
1 |
|
|a Winzer, Margret,
|d 1940-
|
| 245 |
1 |
0 |
|a Exceptional children in Canada /
|c Margret Winzer, Sally Rogow, Charlotte David.
|
| 260 |
|
|
|a Scarborough, Ont. :
|b Prentice-Hall Canada,
|c c1987.
|
| 300 |
|
|
|a xxii, 598 p. :
|b ill. ;
|c 25 cm.
|
| 504 |
|
|
|a Includes bibliographies and indexes.
|
| 650 |
|
0 |
|a Special education
|z Canada.
|
| 700 |
1 |
0 |
|a Rogow, Sally M.,
|d 1930-
|
| 700 |
1 |
0 |
|a David, Charlotte,
|d 1919-
|
| 852 |
8 |
|
|b CARM
|h A3:AD02F0
|i C11402
|p 0470758
|f BK
|
| 999 |
f |
f |
|i 83b3cfb3-6da4-54a4-a7e2-efc5ead5ee4f
|s efe1438c-b793-583c-9ba9-ad69f3199a7c
|
| 952 |
f |
f |
|p Can circulate
|a CAVAL
|b CAVAL
|c CAVAL
|d CARM 1 Store
|e C11402
|f A3:AD02F0
|h Other scheme
|i book
|m 0470758
|